000 00898nam a2200253 a 4500
001 1168
003 BR-CuiBMT
005 20231130220724.0
008 231130b2002 bab 000 0 por d
020 _a8585524170
040 _aBR-CuiBMT
_cBR-CuiBMT
080 _22007
_a351.94:336.148
090 _a351.94:336.148
_bG633t
100 1 _aGomes, Adhemar Martins Bento,
_d1933-
245 1 2 _aA trajetória dos tribunais de contas :
_bestudos sobre a evolução do controle externo da administração pública /
_cAdhemar Martins Bento Gomes.
260 _aSalvador :
_bTribunal de Contas do Estado da Bahia,
_c2002.
300 _a212 p. ;
_c22 cm
504 _aInclui bibliografia.
650 _aTribunais de contas
_zBrasil
650 _aAdministração pública
_zBrasil
650 _aTribunais de contas
_xPoderes e atribuições
710 1 _aBahia.
_bTribunal de Contas.
942 _2udc
_cLV
999 _c1168
_d1168